What Causes War? <An> Introduction to Theories of International Conflict
Uložené v:
| Hlavný autor: | |
|---|---|
| Médium: | Kniha |
| Jazyk: | English |
| Vydavateľské údaje: |
Lexington
Lexington Books
1993
|
| Vydanie: | 1. ed. |
| Predmet: | |
| Tagy: |
Žiadne tagy, Buďte prvý, kto otaguje tento záznam!
|
MARC
| LEADER | 00000nam a2200000 4500 | ||
|---|---|---|---|
| 001 | c019732 | ||
| 005 | 20221206075726.4 | ||
| 020 | |a 0-669-21215-6 | ||
| 041 | 0 | |a eng | |
| 044 | |a US | ||
| 245 | 1 | 0 | |a What Causes War? |b <An> Introduction to Theories of International Conflict |c Greg Cashman |
| 250 | |a 1. ed. | ||
| 264 | 1 | |a Lexington |b Lexington Books |c 1993 | |
| 300 | |a 360 s. | ||
| 610 | 2 | 0 | |a konflikty |
| 610 | 2 | 0 | |a politika medzinárodná |
| 610 | 2 | 0 | |a vojny |
| 610 | 2 | 0 | |a vzťahy politické medzinárodné |
| 610 | 2 | 0 | |a teórie politické |
| 100 | 1 | |a Cashman, Greg | |